[Event "North American-ch U18 Girls"]
[Site "Montreal"]
[Date "2010.08.19"]
[Round "6"]
[White "Hu, Dianna"]
[Black "Xiong, Sonja"]
[Result "0-1"]
[WhiteElo "1847"]
[BlackElo "1625"]
[PlyCount "66"]
[EventDate "2010.08.16"]
[EventType "tourn"]
[EventRounds "6"]
[EventCountry "CAN"]
[SourceTitle "EXT 2013"]
[Source "ChessBase"]
[SourceDate "2012.11.22"]
[SourceVersion "1"]
[SourceVersionDate "2012.11.22"]
[SourceQuality "1"]

1. d4 d5 2. Bf4 Nf6 3. e3 e6 4. Nf3 Nbd7 5. Bd3 c5 6. c3 b6 7. Nbd2 Bb7 8. Ne5 Be7 9. Qf3 Nxe5 10. dxe5 Nd7 11. Qg3 g5 12. Nf3 gxf4 13. Qg7 Rf8 14. exf4 Qc7 15. Bxh7 0-0-0 16. h4 d4 17. c4 Bxf3 18. gxf3 Qb7 19. Ke2 Qa6 20. Bd3 Rde8 21. h5 f6 22. Rhg1 fxe5 23. fxe5 Rf5 24. Bxf5 exf5 25. Qf7 Kd8 26. Rg8 Bf8 27. f4 b5 28. Rg6 Qa4 29. Kd3 Rxe5 30. cxb5 Qxb5+ 31. Qc4 Qxb2 32. Qc2 c4+ 33. Kd2 Bb4+ 0-1

[Event "North American-ch U18 Girls"]
[Site "Montreal"]
[Date "2010.08.17"]
[Round "4"]
[White "Dai, Yang"]
[Black "Hu, Dianna"]
[Result "1-0"]
[WhiteElo "2013"]
[BlackElo "1847"]
[PlyCount "105"]
[EventDate "2010.08.16"]
[EventType "tourn"]
[EventRounds "6"]
[EventCountry "CAN"]
[SourceTitle "EXT 2013"]
[Source "ChessBase"]
[SourceDate "2012.11.22"]
[SourceVersion "1"]
[SourceVersionDate "2012.11.22"]
[SourceQuality "1"]

1. e4 Nf6 2. e5 Nd5 3. c4 Nb6 4. c5 Nd5 5. Bc4 e6 6. d4 d6 7. cxd6 cxd6 8. Nf3 Nc6 9. 0-0 Be7 10. exd6 Qxd6 11. Nc3 Nf6 12. Bg5 0-0 13. Qd2 Rd8 14. Rad1 a6 15. Bb3 Nb4 16. Bxf6 Bxf6 17. Ne4 Qe7 18. Nxf6+ gxf6 19. Rfe1 Nd5 20. Re4 f5 21. Rh4 f6 22. Re1 b5 23. Rh3 Kh8 24. Nh4 Qb4 25. Qxb4 Nxb4 26. Ng6+ Kg7 27. Nf4 Rxd4 28. Nxe6+ Bxe6 29. Rxe6 Rad8 30. Rg3+ Rg4 31. Re7+ Kg6 32. Bf7+ Kg5 33. h4+ Kh6 34. Rxg4 fxg4 35. Be6 Nd5 36. Ra7 Nf4 37. Bxg4 Rd6 38. Bf5 Ng6 39. g4 Rd1+ 40. Kg2 Rd2 41. Kg3 Rxb2 42. Rxa6 Kg7 43. Ra7+ Kh8 44. h5 Nf8 45. Ra8 Kg7 46. h6+ Kf7 47. Ra7+ Kg8 48. Ra5 b4 49. Be4 Kf7 50. Bd5+ Kg6 51. Ra8 Nd7 52. Rg8+ Kxh6 53. f4 1-0